Équipes Esports #1 - Statistiques

Statistiques générales
  • Ce quiz a été pris 58 fois
  • Le résultat moyen est 11 sur 16
Statistiques - réponses
Par images Réponse % Correct
Vitality
100%
Gentle Mates
98%
Karmine Corp
96%
Solary
96%
BDS
88%
OG
86%
SK
82%
Dignitas
76%
Joblife
76%
Mandatory
76%
Galions
65%
Shifters
57%
HavoK
51%
NOVO
43%
XSET
33%
Manchester City Esports
22%
Aucun quiz correspondant
Distribution des résultats
% des personnes avec chaque résultat
Percentile par nombre de réponses
Votre historique - résultats
Vous n’avez pas pris ce quiz